Análisis de costo-beneficio: prevención del VIH/sida en migrantes en Centroamérica /
Sábháilte in:
| Príomhchruthaitheoir: | |
|---|---|
| Rannpháirtithe: | , , |
| Formáid: | Téacs |
| Clibeanna: |
Cuir clib leis
Níl clibeanna ann, Bí ar an gcéad duine le clib a chur leis an taifead seo!
|
MARC
| LEADER | 00000 a a2200000 04500 | ||
|---|---|---|---|
| 001 | 47371 | ||
| 003 | |||
| 040 | |||
| 100 | |a Alarid-Escudero, Fernando | ||
| 245 | |a Análisis de costo-beneficio: |b prevención del VIH/sida en migrantes en Centroamérica / |c Fernando Alarid-Escudero, Sandra G. Sosa-Rubí, Bertha Fernández, Omar Galárraga | ||
| 700 | |a Sosa-Rubí, Sandra G. | ||
| 700 | |a Fernández, Bertha | ||
| 700 | |a Galárraga, Omar | ||
| 773 | |g volumen55, (2013), páginas s23-s30 : tablas, gráfico | ||
| 999 | |c 20354 |d 20354 | ||
